| 000 | 01304cam a22002771i 4500 | ||
|---|---|---|---|
| 003 | SA-RiAUC | ||
| 005 | 20250104062444.0 | ||
| 008 | 250103s2004 xx g 000 0 ara c | ||
| 040 |
_aKW-ShULA _bara _cSA-RiAUC _erda |
||
| 082 | 0 | 4 |
_a258.2 _qSA-RiAUC |
| 090 |
_a258.2 _bا ب ن س |
||
| 100 | 1 |
_aابن سند البصري، عثمان بن سند النجدي، _d1180-1242 هجري _eمؤلف. |
|
| 245 | 1 | 2 |
_aالدرة الثمينة في مذهب عالم المدينة : _bنظم متن العشماوية / _cعثمان بن سند الوائلي الفيلكاوي ؛ تحقيق وتعليق عبد الرحمن راشد الحقان. |
| 250 | _aالطبعة الأولى. | ||
| 264 | 1 |
_a[مكان النشر غير محدد] : _b[الناشر غير محدد]، _c2004 |
|
| 300 |
_a127 صفحة ؛ _c24 سم |
||
| 336 |
_aنص _btxt _2rdacontent _3كتاب |
||
| 337 |
_aبدون وسيط _bn _2rdamedia |
||
| 338 |
_aمجلد _bnc _2rdacarrier |
||
| 650 | 7 |
_aالفقه المالكي _2aucsh |
|
| 700 | 1 |
_aالحقان، عبد الرحمن راشد _eمحقق. |
|
| 700 | 1 | 2 |
_aالعشماوي، عبد الباري الرفاعي، _dقرن 10 هجري. _tمتن العشماوية. |
| 740 | 2 | _aالعشماوية. | |
| 942 |
_2ddc _cBOOK _n0 |
||
| 949 |
_aSA-JeALM _d250103 _umohamedma123 _n1 |
||
| 999 |
_c4417 _d4417 |
||